000 00869cab a2200277 4500
001 ABS56787
008 090401t1997 xxu||||| |||| 00| 0 eng d
035 _a(Sirsi) u77426
041 _aeng
100 _aDavey, N.
245 _aLooking for relief from the new regime
260 _c1997
350 _a0
490 _aProperty Week
_v58(10) 14 March 1997, 21(1)
520 _aConsiders the important changes to the way in which partners or employees in non-pensionable employment receive tax relief for personal pension scheme contributions following the introduction of self-assessment.
650 _aCONTRIBUTIONS
650 _aEMPLOYEES
650 _aINLAND REVENUE
650 _aPARTNERS
650 _aPERSONAL PENSION SCHEMES
650 _aSELF-ASSESSMENT
650 _aTAX RELIEF
690 _aTAXATION
942 _n0
948 _c26/03/1997
999 _c48681
_d48681